365 days scriptural handbook / (Record no. 34837)

MARC details
000 -LEADER
fixed length control field 00780nam a22002657a 4500
008 - FIXED-LENGTH DATA ELEMENTS--GENERAL INFORMATION
fixed length control field 260622b |||||||| |||| 00| 0 eng d
017 ## - LEGAL DEPOSIT NUMBER
Legal deposit number LD.0166
018 ## - LEGAL DEPOSIT YEAR
LDD Year 2025
020 ## - INTERNATIONAL STANDARD BOOK NUMBER
ISBN 9789787710425
040 ## - CATALOGING SOURCE
Original cataloging agency NLN
Language of cataloging English
Description conventions AACR2
100 ## - MAIN ENTRY--AUTHOR
Author JOHNSON, Abiola
Relator term aut
245 ## - TITLE STATEMENT
Title 365 days scriptural handbook /
Statement of responsibility, etc Abiola Johnson
260 ## - PUBLICATION, DISTRIBUTION, ETC. (IMPRINT)
Place of publication Abuja (House B43 Penthouse Estate III, Airport Road, Lugbe) :
Name of publisher Novazera,
Date of publication 2025
300 ## - COLLATION
Pagination i, 141p. ;
Other physical details 15cm
563 ## - BINDING INFORMATION
Binding note (pbk)
650 ## - TRACINGS
Main Subject Devotional calendars
650 ## - TRACINGS
Main Subject Devotional literature
650 ## - TRACINGS
Main Subject Spiritual life
Subdivision (1st) Christianity
650 ## - TRACINGS
Main Subject Meditations
650 ## - TRACINGS
Main Subject Prayers
942 ## - ADDED ENTRY ELEMENTS (KOHA)
Item type Books
Suppress in OPAC No
050 ## - LIBRARY OF CONGRESS CALL NUMBER
Classification number BV4811
Item number .J66
082 ## - DEWEY DECIMAL CLASSIFICATION NUMBER
Classification number 242.2
Holdings
Withdrawn status Lost status Source of classification or shelving scheme Damaged status Not for loan Home library Current library Date acquired Mode of acquisition Accession No. Total Checkouts Full call number Barcode. Date last seen Copy number Price effective from Koha item type
    Library of Congress Classification     ABUJA LIBRARY BRANCH National Library of Nigeria 22/06/2026 Legal deposit 468220   BV4811 .J66 468220 22/06/2026 1 22/06/2026 Books
    Library of Congress Classification     ENUGU BRANCH National Library of Nigeria 22/06/2026 Legal deposit 468221   BV4811 .J66 468221 22/06/2026 1 22/06/2026 Books
    Library of Congress Classification     LAGOS BRANCH National Library of Nigeria 22/06/2026 Legal deposit 468222   BV4811 .J66 468222 22/06/2026 1 22/06/2026 Books

National Library of Nigeria OPAC is powered by Koha